00750nas a2200229Ia 4500001002300000003001000023008004100033040002500074041001300099100001800112210001200130222001200142245007400154250001100228260000900239501012300248300001100371362001700382500008500399650002500484700001100509dg45-2398 [d000002518]IT-MiCISF161014c99999999xx |||||||||||| ||und|| aIT-MiCISFcIT-MiCISF aITALIANO aRocchi Sandra aMo.V.I. aMo.V.I. 0aVertice mondiale per lo sviluppo sociale, Copenhagen, 6-12 marzo 1995 a1a ed. c1995 bCISF - Centro Internazionale Studi Famiglia - Via Giotto, 36 20145 MILANO (non commercial uses only)cCopyright 2016 app. 72 a n. 4 [1995] a Tema: società, sviluppo-economico, stratificazione-sociale, politiche-sociali asocietàvdocumento aAA.VV.